000 00409nam a22001697a 4500
003 NUST - PNEC
005 20170116181130.0
008 151006b xxu||||| |||| 00| 0 eng d
020 _a-
040 _cLIBRARY
082 _a629.254 KOH
100 _913896
_aKohli, P L
245 _aAutomotive electrical equipment
_cP L Kohli
260 _cc.1983
650 _913897
_aElectrical
_xEE
942 _2ddc
_cBK
999 _c69909
_d69909